Paesi nominati nella pagina Wikipedia delle Filippine - Statistics

Statistiche generali
  • Questo quiz è stato fatto 13 volte
  • Il punteggio medio è 19 su 22
Statistiche sulle risposte
Volte in cui viene nominato Indizio (basato sul motivo per cui lo stato è nominato nella pagina Wikipedia) Paese % Corretto
1 Tra i principali partner commerciali delle Filippine Cina
100%
2 Il mar di Celebes separa le FIlippine da questo paese Indonesia
100%
1 Le Filippine sono membro fondatore dell'Associazione delle Nazioni del Sud Est Asiatico assieme a questo paese Malesia
100%
14 Paese che conquistò le FIlippine nel 1898 e le controllò fino alla seconda guerra mondiale Stati Uniti
100%
3 Lo stretto di Luzon separa le Filippine da questo paese Taiwan
100%
1 Negli anni '60/'70 le Filippine intervennero nella guerra che si combatteva in questo paese Vietnam
100%
1 Come le Filippine, questo paese era membro dell'alleanza militare SEATO Australia
92%
1 Come le Filippine, questo paese era membro dell'alleanza militare SEATO Francia
92%
1 Tra i principali partner commerciali delle Filippine Giappone
92%
1 Come le Filippine, questo paese era membro dell'alleanza militare SEATO Nuova Zelanda
92%
1 Assieme alle Filippine, la parte asiatica di questo è uno degli unici tre paesi est-asiatici a maggioranza cristiana Russia
92%
2 Le Filippine sono membro fondatore dell'Associazione delle Nazioni del Sud Est Asiatico assieme a questo paese Singapore
92%
5 Paese che colonizzò le FIlippine per quasi quattro secoli Spagna
92%
3 Le Filippine sono membro fondatore dell'Associazione delle Nazioni del Sud Est Asiatico assieme a questo paese Thailandia
92%
1 Assieme alle Filippine, questo è uno degli unici tre paesi est-asiatici a maggioranza cristiana Timor Est
92%
1 Come le Filippine, questo paese era membro dell'alleanza militare SEATO Regno Unito
83%
1 Tra i principali partner commerciali delle Filippine Corea del Sud
75%
1 Tra i principali partner commerciali delle Filippine Germania
67%
1 Le Filippine sostennero la coalizione a guida americana nell'invasione di questo paese Iraq
67%
1 Tra i principali partner commerciali delle Filippine Paesi Bassi
58%
1 Come le Filippine, questo paese era membro dell'alleanza militare SEATO Pakistan
58%
1 Le riserve aurifere delle Filippine sono seconde solo a quelle di questo paese Sudafrica
58%
Nessun quiz corrispondente trovato
Distribuzione punteggi
Percentuale di utenti per punteggio
Percentile per numero di risposta
I tuoi punteggi nel tempo
Non hai fatto questo quiz